LDR 00850naa#a2200181#i#450# 001 RU\\bibl\119789 005 20260417082644.5 011 ## _a2782-4586 100 ## _a20260331b2026####ek#y0rusy0150####ca 101 0# _aENG 102 ## _aRU 200 1# _aАспекты государственной политики в сфере внешнеэкономической деятельности Республики Саха (Якутия) в период президентства М.Е. Николаева _eЖурнальная статья 210 1# _aМосква _cУниверситет ИТБО _d2026 215 ## _a4 с. 608 ## _aЖурнальная статья _2local 675 ## _aРеформы. 332.021.8 _aИстория. Теоретические вопросы. 93 _zENG 700 #1 _aЕгоров _gПетр Михайлович 856 4# _ajomeam.ru _u